Thao thức Tiểu thuyết
Salvato in:
| Autore principale: | |
|---|---|
| Natura: | Libro |
| Lingua: | Undetermined |
| Pubblicazione: |
Tp. HCM
Văn Nghệ
1999
|
| Soggetti: | |
| Tags: |
Aggiungi Tag
Nessun Tag, puoi essere il primo ad aggiungerne! !
|
| Thư viện lưu trữ: | Trung tâm Học liệu Trường Đại học Cần Thơ |
|---|
| LEADER | 00575nam a2200217Ia 4500 | ||
|---|---|---|---|
| 001 | CTU_35378 | ||
| 008 | 210402s9999 xx 000 0 und d | ||
| 020 | |c 25000 | ||
| 082 | |a 891.7 | ||
| 082 | |b K93/T2 | ||
| 100 | |a Krol, Alexandre | ||
| 245 | 0 | |a Thao thức | |
| 245 | 0 | |b Tiểu thuyết | |
| 245 | 0 | |c Alexandre Krol, Hoàng Hữu Phê biên dịch | |
| 260 | |a Tp. HCM | ||
| 260 | |b Văn Nghệ | ||
| 260 | |c 1999 | ||
| 650 | |a Russian fiction | ||
| 650 | |y 20th century | ||
| 904 | |i Minh | ||
| 980 | |a Trung tâm Học liệu Trường Đại học Cần Thơ | ||